Krásnobrodská ikona

Bibliographic Details
Main Author: Haluška, Alexander bohoslovec (Author)
Format: Article
Language:Slovak
PhysicalDescription:Fotogr.
ISSN:1335-6739
Subjects:

MARC

LEADER 00000nab a2200000 a 4500
001 vtls009170763
003 SK-MaSNL
005 20260305011859.0
008 080104c2007 xo mr p 000 00slo
015 |a SNBRB2008/01 
038 |a SVKPO 
040 |a SVKPO  |b slo  |c SVKPO  |e AACR2 
041 0 |a slo 
044 |a xo  |c SK 
080 |a 27-526.62  |2 2001 
080 |a 75.051.046.3  |2 2001 
100 1 |a Haluška, Alexander  |c bohoslovec  |4 aut  |9 1588199 
245 1 0 |a Krásnobrodská ikona  |c Bohoslovec Alexander Haluška 
300 |b Fotogr. 
650 0 7 |a Ikona Presvätej Bohorodičky  |z Krásny Brod (Slovensko)  |x dejiny  |2 svkpocl  |9 1588200 
651 7 |a Krásny Brod (Slovensko)  |2 svkpocl  |9 23793 
651 7 |a Medzilaborce (Slovensko : okres)  |2 svkpocl  |9 29394 
773 0 |t Istyna = Istina  |g Roč. XII, jún (2007), s. 9  |x 1335-6739 
852 |a SVKPO  |b KIS3GCP 
958 |a UK 
958 |a RN 
958 |a NT 
958 |a SK 
999 |c 3255093  |d 3257023